01223cam a2200349Ii 4500999001500000001000700015003000400022005001700026008004100043020002200084020001900106020002200125020001900147035002400166035001100190040003500201049000900236082001800245090002100263245017600284264004900460300002800509336002600537337002800563338002700591600003100618650003300649650004600682942001200728945002000740952011300760 c8091d8091867773OSt20190916125248.0151113s2016 nl 000 0 eng d a9789351480839qHB a9351480836qHB a9789351480846qPB a9351480844qPB a(OCoLC)ocn929036721 a867773 aAUUbengerdacAUUdOCLCOdPTS aPTSS a230.09b K96V aBT825b.V54 201604aThe vision of a new church and a new society :ba scholarly assessment of Dr. Samuel Rayan's contribution to Indian Christian theology /cedited by Kurien Kunnumpuram, SJ. aNew Delhi :bChristian World Imprints,c2016 axix, 423 pages ;c23 cm atextbtxt2rdacontent aunmediatedbn2rdamedia avolumebnc2rdacarrier10aRayan, SamuelxCongresses. 0aTheologyzIndiavCongresses. 0aMission of the churchzIndiavCongresses. 2ddccBK aMARCIVE20181205 00102ddc4070aHMCbHMCd2019-09-16g1250.00l0o230.09 K96Vp009214r2019-09-16 00:00:00w2019-09-16yBK